Religion Quiz

Random Religion or Bible Quiz

Old Testament or New Testament Bible Books Quiz Stats

 Plays Quiz Updated Nov 27, 2017

Also try: Bible Top 200
Challenge
Share
Tweet
Embed
Score 0/66 Timer 03:00
10 Plays Today
% Correct
Old Testament
91.5%
Old Testament
91.2%
Old Testament
90.2%
New Testament
90.1%
Old Testament
90.1%
Old Testament
90%
New Testament
90%
Old Testament
89.9%
Old Testament
89.8%
Old Testament
89.7%
Old Testament
89.7%
Old Testament
89.5%
Old Testament
89.5%
New Testament
89.4%
Old Testament
89.3%
Old Testament
89.2%
Old Testament
89.2%
New Testament
89.1%
New Testament
89.1%
Old Testament
89.1%
Old Testament
89.1%
New Testament
89.1%
New Testament
89.1%
Old Testament
88.6%
Old Testament
88.4%
Old Testament
88.4%
Old Testament
88.4%
Old Testament
88.4%
New Testament
88.3%
Old Testament
88.3%
New Testament
88.3%
Old Testament
87.8%
Old Testament
87.6%
% Correct
Old Testament
87.5%
Old Testament
86.2%
Old Testament
85.9%
Old Testament
85.1%
New Testament
84.4%
New Testament
84%
New Testament
84%
New Testament
83.9%
Old Testament
83.8%
New Testament
83.7%
Old Testament
83.7%
Old Testament
82.9%
New Testament
82.8%
New Testament
82.7%
New Testament
82.5%
Old Testament
82.4%
New Testament
81.8%
New Testament
81.6%
New Testament
80.5%
New Testament
79.8%
Old Testament
79.3%
Old Testament
78.1%
New Testament
77.8%
Old Testament
77.6%
Old Testament
75.9%
New Testament
75.6%
Old Testament
72.9%
Old Testament
64.4%
Old Testament
63.3%
New Testament
62.1%
New Testament
59.4%
New Testament
58.2%
New Testament
57%

You're not logged in!

Compare scores with friends on all Sporcle quizzes.
OR
Log In

You Might Also Like...

Show Comments

Extras

Top Quizzes Today


Score Distribution

Your Account Isn't Verified!

In order to create a playlist on Sporcle, you need to verify the email address you used during registration. Go to your Sporcle Settings to finish the process.

Report this User

Report this user for behavior that violates our Community Guidelines.

Details: